|
|
|
|
| LEADER |
01195nam a2200301 a 4500 |
| 001 |
205678 |
| 008 |
100425s2000 inua 001 0 eng d |
| 010 |
|
|
|a 99065434
|
| 020 |
|
|
|a 8176353884
|
| 020 |
|
|
|a 0672317982
|
| 040 |
|
|
|a DLC
|c DLC
|d DB-DhAAL
|
| 082 |
0 |
0 |
|a 005.75/65
|2 21
|
| 100 |
1 |
|
|a Gennick, Jonathan.
|
| 245 |
1 |
0 |
|a Sams teach yourself PL/SQL in 21 days /
|c Jonathan Gennick with Thomas Luers.
|
| 246 |
3 |
0 |
|a Teach yourself PL/SQL in 21 days
|
| 250 |
|
|
|a 2nd ed.
|
| 260 |
|
|
|a Indianapolis, Ind. ;
|a New Delhi :
|b Techmedia.,
|c 2000.
|
| 300 |
|
|
|a xix, 692 p. :
|b ill. ;
|c 23 cm.
|
| 500 |
|
|
|a Rev. ed. of: Teach yourself PL/SQL in 21 days / Tom Luers, Timothy Atwood, Jonathan Gennick. c1997.
|
| 541 |
1 |
|
|e 00012195
|
| 650 |
|
0 |
|a PL/SQL (Computer program language)
|
| 650 |
|
0 |
|a Relational databases.
|
| 630 |
0 |
0 |
|a Oracle (Computer file)
|
| 700 |
1 |
|
|a Luers, Tom.
|
| 700 |
1 |
|
|a Luers, Tom.
|t Teach yourself PL/SQL in 21 days.
|
| 852 |
4 |
|
|a Ayesha Abed Library
|j General Shelf.
|
| 999 |
|
|
|c 8219
|d 8219
|
| 952 |
|
|
|0 0
|1 0
|2 ddc
|4 0
|6 005_756500000000000_GEN
|7 0
|9 9411
|a BRACUL
|b BRACUL
|c GEN
|d 2010-04-25
|g 323.00
|l 10
|m 62
|o 005.7565 GEN
|p 3010012195
|r 2026-02-02
|s 2026-01-06
|t 1
|w 2010-04-25
|y BK
|x RS-270.00
|